000
00249nam a2200109Ia 4500
008
190911s9999||||xx |||||||||||||| ||und||
100
_a
Robert H. Bishop
245
0
_a
Modern Control Systems
260
_a
USA
_b
CRC
_c
1995
300
_a
807
942
_c
BK
999
_c
7026
_d
7026